Zverejňovanie výsledkov prevádzkových segmentov podľa IFRS 8
Zverejňovanie výsledkov prevádzkových segmentov. Nový štandard IFRS 8 - Prevádzkové segmenty (operating segments) oficiálne vstúpi do platnosti v roku 2009. V prípade záujmu môžu účtovné jednotky použiť tento štandard aj skôr (IFRS 8.35). Zmeny oproti štandardu IAS 14.
Saved in:
| Main Author: | |
|---|---|
| Format: | Book Chapter |
| Language: | Slovak |
| Subjects: | |
| Tags: |
No Tags, Be the first to tag this record!
|
MARC
| LEADER | 00000naa$a2200000$$$4500 | ||
|---|---|---|---|
| 001 | 0052235 | ||
| 005 | 20240502071616.0 | ||
| 041 | 0 | |a slo | |
| 044 | |a SK | ||
| 245 | 1 | 0 | |a Zverejňovanie výsledkov prevádzkových segmentov podľa IFRS 8 |c Miloš Tumpach |
| 520 | |a Zverejňovanie výsledkov prevádzkových segmentov. Nový štandard IFRS 8 - Prevádzkové segmenty (operating segments) oficiálne vstúpi do platnosti v roku 2009. V prípade záujmu môžu účtovné jednotky použiť tento štandard aj skôr (IFRS 8.35). Zmeny oproti štandardu IAS 14. | ||
| 610 | 2 | 0 | |a závierka účtovná |
| 610 | 2 | 0 | |a výsledok hospodársky |
| 610 | 2 | 0 | |a podnik |
| 610 | 2 | 0 | |a IFRS |
| 610 | 2 | 0 | |a IFRS 8 |
| 100 | 1 | |a Tumpach, Miloš, 1970- | |